Open Data Biblioteca Nacional de Portugal


República Portuguesa: Ministério da Cultura
Biblioteca Nacional de Portugal

Catálogo da BNP: acesso por Identificadores Unívocos
Registos Bibliográficos associados ao registo de autoridade

Etiqueta de registo: 00254nam 2200025 450
001 2142742
003 http://id.bnportugal.gov.pt/bib/catbnp/2142742
100 ## $a20230907d2022 k y0pory01030103ba
101 0# $apor$deng$dtet
102 ## $aPT
105 ## $ay m 000yy
106 ## $ar
200 1# $aQue modelo de municipalismo para Timor-Leste?$fAntónio Manuel Oliveira Rodrigues$gorient. Lúcio Manuel Gomes de Sousa, Hermano Duarte d'Almeida Carmo
210 #9 $a[S.l.$cs.n.],$d2022
215 ## $a305 p.$d30 cm
328 #1 $aTese dout. Relações Interculturais, Universidade Aberta, 2022
675 ## $a352(594.9)(043)$vBN$zpor$31662268
700 #1 $aRodrigues,$bAntónio,$f1955-$31200295
702 #1 $aSousa,$bLúcio Manuel Gomes de$4727$31892945
702 #1 $aCarmo,$bHermano,$f1950-$4727$3190917
801 #0 $aPT$bBN$gRPC
966 ## $lBN$mFGMON$sS.C. 162791 V.$x1
971 ## $cdpenetra$d20230907
972 ## $e0$z0$d20231025$viquintas
973 ## $cigoulao$d20231010

Etiqueta de registo: 00254nam 2200025 450
001 2284341
003 http://id.bnportugal.gov.pt/bib/catbnp/2284341
100 ## $a20260414d2024 k y0pory01030103ba
101 0# $apor$deng
102 ## $aPT
105 ## $aa m 000yy
106 ## $ar
200 1# $aTradição e interculturalidade na sociedade contemporânea$e um estudo de caso sobre o papel da autoridade Ohamba na província da Huíla em Angola$fMaria Marcelina Gomes$gorient. Lúcio Manuel Gomes de Sousa
210 #9 $a[S.l.$cs.n.],$d2024
215 ## $aXVII, 245, [28] p.$cil.$d30 cm
328 #1 $aTese dout. Relações Interculturais, Universidade Aberta, 2024
700 #1 $aGomes,$bMaria Marcelina$31995648
702 #1 $aSousa,$bLúcio Manuel Gomes de$4727$31892945
801 #0 $aPT$bBN$gRPC
966 ## $lBN$mFGMON$x1
971 ## $cisantos$d20260414

OpendataBNP@bnportugal.pt | Mais informação sobre acesso aos dados BNP